000 00727nam a2200181Ia 4500
008 090630s9999 xx 000 0 und d
082 _b15053
100 _aकुकडे सुमती.
245 _aआजारी मुलांचा आजारपणातील आहार.
_cकुकडे सुमती.
260 _bमधुराज - पुणे.
300 _a0
600 _aकुकडे सुमती.
630 _aआजारी मुलांचा आजारपणातील आहार.
655 _aइतर.
700 _aकुकडे सुमती.
730 _aआजारी मुलांचा आजारपणातील आहार.
942 _cBOOK
999 _c266909
_d266909